| 000 | 00629nam a2200169 a 4500 | ||
|---|---|---|---|
| 008 | 060316s1998 ||||||||||||||||| || u | ||
| 020 | _a0750636254 | ||
| 050 | _aTN 671 Smi | ||
| 245 | 0 | 0 |
_aSmithells light metals handbook _cedited by E. A. Brandes and G. B. Brook |
| 260 |
_aOxford _bButterworth-Heinemann _c1998 |
||
| 300 | _avii, 194p.: ill. | ||
| 350 | _a0.00 | ||
| 650 | _aMETALS--HANDBOOKS, MANUALS, ETC | ||
| 650 | _aMetallurgy--Handbooks, manuals, etc | ||
| 650 | _aMETAL | ||
| 995 |
_D0.00 _FCBU-MAIN LIBRARY (Kitwe) _H1 _I0.00 _M1 _UREFERENCE _WNov 27, 2007 _ZReference Collection |
||
| 999 |
_c57634 _d57634 |
||